000 00369nam a2200133Ia 4500
008 191206s9999 xx 000 0 und d
090 _aPG3245K5513
245 0 _aClassic Soviet plays
260 _aProgress Publishers
260 _bSoviet authors library
260 _ccc1979
300 _a829 p. : ill. (some col.) ; 21 cm.
999 _c15682
_d15682